| 000 | 00582nam a2200169 i 4500 | ||
|---|---|---|---|
| 001 | 69708 | ||
| 003 | ES-MaACL | ||
| 005 | 20230906170604.0 | ||
| 007 | t| | ||
| 008 | 040709s1968 sp ||||1| spa d | ||
| 100 | 1 |
_aGarcía y García de la Torre, José Manuel. _955438 |
|
| 245 | 1 | 4 |
_aLos ciegos somos así _b: (elementos de tiflopsicología) / _cJosé Manuel G. y García de la Torre ; prólogo Enrique Salgado. |
| 260 |
_aBarcelona : _bCientífico Médica, _c1968. |
||
| 300 |
_a162 p. ; _c21 cm. |
||
| 700 | 1 |
_aSalgado, Enrique. _9101895 |
|
| 852 |
_aES-MaACL _jC-49836 _bR.67952 |
||
| 999 |
_c69708 _d69708 |
||